00565 2200193 4500001002100000005001700021008004100038035002500079082001100104090002000115245007900135250001100214260003800225300002500263650002700288700002300315850001200338999002100350YOGYA-0311000000069220150413082239.0 ind  a0010-031100000000692 a297.32 aDEP 297.32bKho aKhotbah Jum at praktisb: (thoriqul huda)c/ Penyunting, Mustofa W. Hasyim aCet. 1 aYogyakartabPustaka Pelajarc1995 axi, 214 hlm.c21 cm. aKhotbah (Jum at Islam) aHasyim, Amustofa W aYOPDYOG aCB-D.11-1995-130